[Event "GER GM05-B email"]
[Site "GER email"]
[Date "2016.06.26"]
[Round "?"]
[White "Daubenfeld, Nico"]
[Black "Hacker, Christian"]
[Result "1/2-1/2"]
[WhiteElo "2533"]
[BlackElo "2506"]
[PlyCount "77"]
[EventDate "2016.??.??"]
[EventType "tourn (corr)"]
[EventRounds "13"]
[EventCountry "GER"]
[SourceTitle "Corr 2020"]
[Source "ChessBase"]
[SourceDate "2019.09.30"]
[SourceVersion "1"]
[SourceVersionDate "2019.09.30"]
[SourceQuality "1"]

1. e4 c5 2. Nf3 Nc6 3. d4 cxd4 4. Nxd4 Nf6 5. Nc3 e5 6. Ndb5 d6 7. Bg5 a6 8. Na3 b5 9. Nd5 Be7 10. Bxf6 Bxf6 11. c3 0-0 12. Nc2 Bg5 13. a4 bxa4 14. Rxa4 a5 15. Bc4 Bd7 16. Nce3 Ne7 17. Nxe7+ Qxe7 18. Nd5 Qd8 19. Ra2 a4 20. 0-0 Rb8 21. Nb4 Qc8 22. Bd3 Bd8 23. Bc2 Ba5 24. Nd5 Qc4 25. Qa1 Bb6 26. Bxa4 Be6 27. Bc6 Kh8 28. Nxb6 Qxc6 29. Nd5 Bxd5 30. exd5 Qxd5 31. Rd1 Qc6 32. Ra6 Rb6 33. Rxb6 Qxb6 34. Qa3 Rd8 35. c4 g6 36. h3 Kg7 37. b4 Rc8 38. Qb3 h5 39. Qc3 1/2-1/2

[Event "GER GM05-B email"]
[Site "GER email"]
[Date "2016.06.26"]
[Round "?"]
[White "Hacker, Christian"]
[Black "Pirs, Matjaz"]
[Result "1/2-1/2"]
[WhiteElo "2506"]
[BlackElo "2526"]
[PlyCount "64"]
[EventDate "2016.??.??"]
[EventType "tourn (corr)"]
[EventRounds "13"]
[EventCountry "GER"]
[SourceTitle "Corr 2020"]
[Source "ChessBase"]
[SourceDate "2019.09.30"]
[SourceVersion "1"]
[SourceVersionDate "2019.09.30"]
[SourceQuality "1"]

1. Nf3 c5 2. b3 Nc6 3. Bb2 d5 4. e3 a6 5. d4 Nf6 6. Nbd2 cxd4 7. Nxd4 Nxd4 8. exd4 b5 9. Be2 g6 10. 0-0 Bg7 11. c3 0-0 12. a4 Bd7 13. axb5 axb5 14. Ba3 Qc7 15. Bc5 Rfb8 16. b4 Ra4 17. Qb3 h5 18. Qb2 Bf5 19. Rfe1 e6 20. Bf1 h4 21. h3 Qf4 22. Rxa4 bxa4 23. b5 g5 24. Nf3 Ne4 25. Qc1 Qxc1 26. Rxc1 Ra8 27. b6 Bf8 28. Bxf8 Rxf8 29. Ne5 Nd6 30. Ba6 Ra8 31. b7 Nxb7 32. Bxb7 Rb8 1/2-1/2

[Event "GER-chT11-B2 email"]
[Site "GER email"]
[Date "2015.10.15"]
[Round "?.1"]
[White "Schulz, Klaus Juergen"]
[Black "Hacker, Christian"]
[Result "1/2-1/2"]
[WhiteElo "2368"]
[BlackElo "2506"]
[PlyCount "73"]
[EventDate "2015.??.??"]
[EventType "tourn (corr)"]
[EventRounds "8"]
[EventCountry "GER"]
[SourceTitle "Corr 2017"]
[Source "ChessBase"]
[SourceDate "2017.09.19"]
[SourceVersion "1"]
[SourceVersionDate "2017.09.19"]
[SourceQuality "1"]
[WhiteTeam "Chess Poets Society"]
[BlackTeam "SK Muenster 32"]

1. d4 d5 2. c4 c6 3. Nf3 Nf6 4. Nc3 e6 5. Bg5 h6 6. Bh4 dxc4 7. e4 g5 8. Bg3 b5 9. Be2 Bb7 10. h4 g4 11. Ne5 Nbd7 12. Nxd7 Qxd7 13. Be5 Qe7 14. 0-0 Rg8 15. b3 b4 16. Na4 c3 17. Qd3 Nd7 18. Bg3 a5 19. a3 h5 20. Rfd1 Rg6 21. Qc2 e5 22. dxe5 Rd8 23. e6 Rxe6 24. Bc4 Re5 25. axb4 axb4 26. Nxc3 bxc3 27. Ra7 Bc8 28. Qxc3 Bg7 29. Qc2 Rxe4 30. Bd6 Re1+ 31. Bf1 Qe4 32. Rxe1 Qxe1 33. Qxc6 Qc3 34. Qe4+ Be5 35. Bb5 Qc1+ 36. Bf1 Qc3 37. Bb5 1/2-1/2

[Event "GER GM04-B email"]
[Site "GER email"]
[Date "2015.06.25"]
[Round "?"]
[White "Fleetwood, Daniel M"]
[Black "Hacker, Christian"]
[Result "1/2-1/2"]
[WhiteElo "2578"]
[BlackElo "2509"]
[PlyCount "98"]
[EventDate "2015.??.??"]
[EventType "tourn (corr)"]
[EventRounds "10"]
[EventCountry "GER"]
[SourceTitle "Corr 2017"]
[Source "ChessBase"]
[SourceDate "2017.09.19"]
[SourceVersion "1"]
[SourceVersionDate "2017.09.19"]
[SourceQuality "1"]

1. d4 Nf6 2. c4 e6 3. Nf3 b6 4. g3 Bb7 5. Bg2 Be7 6. 0-0 0-0 7. b3 d5 8. Nbd2 a5 9. Bb2 a4 10. Ne5 Nbd7 11. Qc2 c5 12. Rfd1 cxd4 13. Bxd4 Nxe5 14. Bxe5 Ng4 15. Bb2 a3 16. Bd4 e5 17. h3 exd4 18. hxg4 Rc8 19. Rac1 Re8 20. Nf3 dxc4 21. bxc4 Bc5 22. Nxd4 Bxg2 23. Kxg2 Qg5 24. Nf3 Qxg4 25. Rd5 Qe4 26. Qxe4 Rxe4 27. e3 g6 28. Kf1 Kg7 29. Ke2 h5 30. Ne5 Bd4 31. Rxd4 Rxe5 32. Rb1 Rc6 33. Kd3 Rec5 34. Rb3 Ra5 35. e4 g5 36. Rd5 h4 37. gxh4 gxh4 38. Rxa5 bxa5 39. Kd4 Rf6 40. Rxa3 Rxf2 41. c5 Kf6 42. c6 Ke7 43. Rxa5 h3 44. Rh5 h2 45. a4 Kd6 46. Rh6+ Kc7 47. a5 Ra2 48. a6 Rxa6 49. Rxh2 Rxc6 1/2-1/2